000 00326nam a2200133Ia 4500
008 100328s9999 xx 000 0 und d
082 _b15186
100 _aBlack Hermina
245 _aStandust For Dreams
260 _bHodder & Stoughton
630 _aStandust For Dreams
730 _aStandust For Dreams
942 _cBOOK
999 _c510038
_d510035